<?xml version="1.0" encoding="UTF-8"?>
<record
    xmlns:xsi="http://www.w3.org/2001/XMLSchema-instance"
    xsi:schemaLocation="http://www.loc.gov/MARC21/slim http://www.loc.gov/standards/marcxml/schema/MARC21slim.xsd"
    xmlns="http://www.loc.gov/MARC21/slim">

  <leader>01099nam a2200217 i 4500</leader>
  <controlfield tag="001">170629</controlfield>
  <controlfield tag="003">ES-MaACL</controlfield>
  <controlfield tag="005">20250824072843.0</controlfield>
  <controlfield tag="008">090325s1934    ag           |||| | spa d</controlfield>
  <datafield tag="080" ind1=" " ind2=" ">
    <subfield code="a">821.134.2 (82)-2"18"</subfield>
  </datafield>
  <datafield tag="100" ind1="1" ind2=" ">
    <subfield code="a">Sojo, Eduardo,</subfield>
    <subfield code="d">1849-1908</subfield>
    <subfield code="9">107028</subfield>
  </datafield>
  <datafield tag="245" ind1="1" ind2="0">
    <subfield code="a">Don Quijote en Buenos Aires </subfield>
    <subfield code="b">: revista bufo pol&#xED;tica de circunstancias, en un acto / </subfield>
    <subfield code="c">por Eduardo Sojo ; [noticia de Mar&#xED;a Sara Pinto Alv&#xE1;rez].</subfield>
  </datafield>
  <datafield tag="260" ind1=" " ind2=" ">
    <subfield code="a">Buenos Aires : </subfield>
    <subfield code="b">[s.n.], </subfield>
    <subfield code="c">1934 (</subfield>
    <subfield code="f">Imp. de la Universidad)</subfield>
  </datafield>
  <datafield tag="300" ind1=" " ind2=" ">
    <subfield code="a">3 h., p. 170-228 ; </subfield>
    <subfield code="c">23 cm.</subfield>
  </datafield>
  <datafield tag="490" ind1="1" ind2=" ">
    <subfield code="a">Secci&#xF3;n de documentos. Primera serie. T. V: Teatro pol&#xED;tico / Facultad de Filosof&#xED;a y Letras de la Universidad de Buenos Aires, Instituto de Literatura Argentina ; </subfield>
    <subfield code="v">3</subfield>
  </datafield>
  <datafield tag="700" ind1="1" ind2=" ">
    <subfield code="a">Pinto Alv&#xE1;rez, Mar&#xED;a Sara.</subfield>
    <subfield code="9">152234</subfield>
  </datafield>
  <datafield tag="710" ind1="2" ind2=" ">
    <subfield code="a">Universidad de Buenos Aires. </subfield>
    <subfield code="b">Instituto de Literatura Argentina.</subfield>
    <subfield code="9">139614</subfield>
  </datafield>
  <datafield tag="830" ind1="0" ind2="0">
    <subfield code="a">Secci&#xF3;n de documentos. </subfield>
    <subfield code="p">Primera serie. </subfield>
    <subfield code="p">Teatro pol&#xED;tico (Instituto de Literatura Argentina)</subfield>
    <subfield code="v">3</subfield>
    <subfield code="9">188960</subfield>
  </datafield>
  <datafield tag="852" ind1=" " ind2=" ">
    <subfield code="a">ES-MaACL</subfield>
    <subfield code="j">C-6631(3) </subfield>
    <subfield code="z">- Enc. en un vol. facticio</subfield>
  </datafield>
  <datafield tag="999" ind1=" " ind2=" ">
    <subfield code="c">170629</subfield>
    <subfield code="d">170629</subfield>
  </datafield>
  <datafield tag="952" ind1=" " ind2=" ">
    <subfield code="0">0</subfield>
    <subfield code="1">0</subfield>
    <subfield code="4">0</subfield>
    <subfield code="7">0</subfield>
    <subfield code="a">ATENEOM</subfield>
    <subfield code="b">ATENEOM</subfield>
    <subfield code="c">SPAL</subfield>
    <subfield code="d">2009-03-25</subfield>
    <subfield code="e">SC</subfield>
    <subfield code="l">0</subfield>
    <subfield code="o">C-6631(3)</subfield>
    <subfield code="p">1179065</subfield>
    <subfield code="r">2023-02-23 00:00:00</subfield>
    <subfield code="w">2023-02-23</subfield>
    <subfield code="y">MONOGRAFIA</subfield>
  </datafield>
</record>
